000 00478nam a2200193Ia 4500
005 20240823023650.0
008 240823s9999||||xx |||||||||||||| ||und||
020 _a81-2241957-7
041 _aENGLISH
082 _A519.5 P6
100 _a"Medhi,J"
245 0 _aStatistical Methods:An Introductory text
250 _aIInd
260 _c2006
_b"New Age ,New "
_aNew Delhi
500 _aYES
650 _aStatistical Methods
_bMathematics
942 _cBK
999 _c182090
_d182090